Normal view
MARC view
Entry Personal Name
001 - CONTROL NUMBER
- control field: 64275
003 - CONTROL NUMBER IDENTIFIER
- control field: dpl
005 - DATE AND TIME OF LATEST TRANSACTION
- control field: 20240403124609.0
008 - FIXED-LENGTH DATA ELEMENTS
- fixed length control field: 240403|| aca||aabn | a|a d
040 ## - CATALOGING SOURCE
- Original cataloging agency: dpl
- Transcribing agency: dpl
100 ## - HEADING--PERSONAL NAME
- Personal name: मेनन,सुजाता
670 ## - SOURCE DATA FOUND
- Source citation: Work cat.: (dpl)201898: मेनन,सुजाता, मध्यकालीन भारतीय इतिहास/, 2022
